「も」が2つ付く駅名 - Statistics

General Stats
  • This quiz has been taken 81 times
  • The average score is 5 of 11
Answer Stats
頭文字 府県 駅名 読み % Correct
「も」 京都府 桃山 ももやま
88%
「も」 大阪府 桃谷 ももだに
80%
「も」 京都府 桃山御陵前 ももやまごりょうまえ
68%
「ふ」 京都府 伏見桃山 ふしみももやま
51%
「も」 大阪府 桃山台 ももやまだい
51%
「も」 三重県 桃園 ももぞの
46%
「も」 福島県 桃内 ももうち
40%
「も」 石川県 森本 もりもと
37%
「も」 佐賀県 桃川 もものかわ
31%
「も」 京都府 桃山南口 ももやまみなみぐち
31%
「し」 福岡県 下鴨生 しもかもお
18%
No matching quizzes found
Score Distribution
Percent of People with Each Score
Percentile by Number Answered
Your Score History
You have not taken this quiz